Sacramento Kings: Retired Numbers - Statistics

General Stats
  • This quiz has been taken 120 times
    20 since last reset
  • The average score is 4 of 10
Answer Stats
Number Player % Correct
14 Oscar Robertson
88%
4 Chris Webber
81%
21 Vlade Divac
56%
2 Mitch Richmond
50%
16 Peja Stojakovic
50%
1 Tiny Archibald
44%
27 Jack Twyman
19%
44 Sam Lacey
19%
12 Maurice Stokes
13%
11 Bob Davies
0%
No matching quizzes found
Score Distribution
Percent of People with Each Score
Percentile by Number Answered
Your Score History
You have not taken this quiz since the last reset